Регионална библиотека "Любен Каравелов" - Русе

Спартак (Запис номер 18001)

MARC детайли
000 -Лидер
Лидер 01205nam a2200349 a 4500
003 - Код на организацията, давaща контролен номер
Код на организацията, даваща контролен номер BLK
005 - Дата и час на последна редакция
Дата и час на последна редакция 20230911142019.0
008 - Елементи от данни с фиксирана дължина
Елементи с фиксирана дължина 180413b bul|||||r ||||||| ||bul||
010 ## - Наследен системен номер
LC control number KNG00020017000
020 ## - Международен стандартен номер на книга ISBN
ISBN 954-657-106-7
040 ## - Източник на каталожния запис
Код на библиотеката BLK
041 ## - Код за език
Език Български
Език за КДБФ Български
080 ## - УДК
УДК текст Италианска литература
УДК код 821.131.1
УДК – определител -31
УДК – код + определител 821.131.1-31
080 ## - УДК
УДК текст Италианска литература
УДК код 821.131.1
УДК – определител -93-31
УДК – код + определител 821.131.1-93-31
100 1# - Редна дума - Автор
Автор Джованьоли, Рафаело
R(LIN) 60922
245 10 - Сведения за заглавието
Заглавие Спартак
Подзаглавни данни Роман
Авторска отговорност Рафаело Джованьоли.
250 ## - Област на изданието
Поредност на изданието [9. изд.]
257 ## - Страна на издаване
Страна на създаване/издаване Италия
260 ## - Област на издателските данни
Място на издаване София
Име на издателя Пан
Година на издаване 1997
300 ## - Физическа характеристика
Брой страници 640 с.
Илюстрации с ил.
Размер 20 см
380 ## - Жанр
Жанр Худож. лит.
490 ## - СЕРИИ (Колекции)
Серия Исторически приключенски романи
Номер в серията 3
500 ## - Общи забележки
Обща забележка 1. изд. 1932 на изд. Мусала. - 3 000 тир.
852 ## - Местоположение
Сигнатура (форматна) Цб 195291
Отдел Хранилище
856 4# - Електронен адрес и достъп
Електронен формат pdf - файл
Път до файла (ресурса)
856 4# - Електронен адрес и достъп
Електронен формат pdf - файл
Път до файла (ресурса)
942 ## - АРТИКУЛИ
Вид на библиотечния документ Книги
Скрит в OPAC Не
944 ## - СЪЗДАВАНЕ И РЕДАКЦИЯ на ЗАПИСА
Създаване/Редакция Създаване
Дата на регистрацията/редакция 15.01.2003
Служител, извършил регистрацията/редакцията 30542
Номер на служител Русанова Ирена
944 ## - СЪЗДАВАНЕ И РЕДАКЦИЯ на ЗАПИСА
Създаване/Редакция Редакция
Дата на регистрацията/редакция 11.09.2023
Служител, извършил регистрацията/редакцията ир
999 ## - СИСТЕМНИ КОНТРОЛНИ НОМЕРА
Koha biblionumber 18001
Koha biblioitemnumber 18001
999 ## - СИСТЕМНИ КОНТРОЛНИ НОМЕРА
Koha biblioitemnumber 18001
Наличности
Код за отписване Код за изгубен артикул Източник на класификационната схема Код за повреда Коз за рестрикции Код за отдаване Артикулен № Име на библиотеката - собственик Име на библиотеката, в която се намира в момента Статус (Текущо местоположение) Дата на вписване в системата Местоположение - отдел Цена в лева Инвентарен номер Систематично азбучна сигнатура Баркод Номер на екземпляра Цена в евро Служебен тип на артикула
  Не е изгубен Universal Decimal Classification Не е повреден без рестрикции ползва се в читалня 30250 Регионална библиотека "Любен Каравелов" Русе Регионална библиотека "Любен Каравелов" Русе Хранилище 2001-01-01 Хранилище 3.30 637697 Цб 195291 120000637697 1 1.69 Книги
Vip Innovations Ltd, Rousse, Bulgaria 2025